IUE-ULDA access guide (Record no. 10543)
[ view plain ]
| 000 -LEADER | |
|---|---|
| fixed length control field | 00890nam a2200229Ia 4500 |
| 003 - CONTROL NUMBER IDENTIFIER | |
| control field | IN-BaIIA |
| 008 - FIXED-LENGTH DATA ELEMENTS--GENERAL INFORMATION | |
| fixed length control field | 211028s9999 xx 000 0 eng d |
| 020 ## - INTERNATIONAL STANDARD BOOK NUMBER | |
| International Standard Book Number | 92-9092-049-1 |
| 040 ## - CATALOGING SOURCE | |
| Transcribing agency | IIA Library |
| 080 ## - UNIVERSAL DECIMAL CLASSIFICATION NUMBER | |
| Universal Decimal Classification number | 520.6.05(524.64) |
| Item number | ESA-B |
| 100 ## - MAIN ENTRY--PERSONAL NAME | |
| Personal name | Courvoisier, Thierry J. -L |
| 9 (RLIN) | 17927 |
| 245 #0 - TITLE STATEMENT | |
| Title | IUE-ULDA access guide |
| Remainder of title | no. 4, vol. B, International ultraviolet explorer - uniform low dispersion archive active galactic nuclei |
| Statement of responsibility, etc. | Thierry J.- L. Courvoisier; compiled by Stephane Paltani |
| 260 ## - PUBLICATION, DISTRIBUTION, ETC. | |
| Place of publication, distribution, etc. | Netherlands |
| Name of publisher, distributor, etc. | European Space Agency |
| Date of publication, distribution, etc. | 1992 |
| 300 ## - PHYSICAL DESCRIPTION | |
| Extent | 2v. (850p.) |
| 490 ## - SERIES STATEMENT | |
| Series statement | ESA SP-1153 B July 1992 |
| 650 ## - SUBJECT ADDED ENTRY--TOPICAL TERM | |
| Topical term or geographic name entry element | Active galactic nuclei |
| 9 (RLIN) | 6209 |
| 650 ## - SUBJECT ADDED ENTRY--TOPICAL TERM | |
| Topical term or geographic name entry element | Astronomy and astrophysics thesaurus |
| 650 ## - SUBJECT ADDED ENTRY--TOPICAL TERM | |
| Topical term or geographic name entry element | International ultraviolet explorer |
| 9 (RLIN) | 12266 |
| 650 ## - SUBJECT ADDED ENTRY--TOPICAL TERM | |
| Topical term or geographic name entry element | IUE spectra |
| 9 (RLIN) | 17928 |
| 700 ## - ADDED ENTRY--PERSONAL NAME | |
| Personal name | Paltani, Stephane |
| 9 (RLIN) | 17929 |
| 942 ## - ADDED ENTRY ELEMENTS (KOHA) | |
| Koha item type | Books |
| Withdrawn status | Lost status | Damaged status | Not for loan | Home library | Current library | Shelving location | Date acquired | Total Checkouts | Full call number | Barcode | Date last seen | Price effective from | Koha item type |
|---|---|---|---|---|---|---|---|---|---|---|---|---|---|
| IIA Library-Bangalore | IIA Library-Bangalore | General Stacks | 02/02/1993 | 520.6.05(524.64)/ ESA-B | 11454 | 05/11/2021 | 02/02/1993 | Books |